MARC

LEADER 00000naa a2200000 a 4500
003 Arxiu
005 20260324181047.0
008 160829s1954 spcaxx s spa c
040 |a agdb 
100 1 |a Verrié, F.-P.   |q (Frederic-Pau),   |d 1920-2017  |9 29681 
245 1 0 |a Arenys i la obra poética de Salvador Espriu /   |c por F. -P. Verrié 
300 |b Il·lustracions 
490 |a San Jorge,   |v núm. 15 (juliol 1954), pàg 27-34 
500 |a Fotografies Ramón Dimas 
600 1 0 |9 24496  |a Espriu, Salvador,  |d 1913-1985 
650 |a Poesia catalana   |9 38362 
651 0 |a Arenys de Mar (Catalunya)  |9 64422 
700 1 |9 54761  |a Dimas, Ramón  |e fotografies 
773 |g Núm. 15 (juliol 1954), pàg 27-34  |t San Jorge. 
901 |a Arxiu 
942 |n 1  |2 udc  |c ART 
952 |0 0  |1 0  |4 0  |6 REV509  |7 1  |9 64825  |a Arxiu  |b Arxiu  |d 2022-12-15  |l 0  |o Rev-509  |r 2022-12-15 00:00:00  |w 2022-12-15  |y ARXIU  |z També disponible a Rev-523 
999 |c 52206  |d 52206